Najniebezpieczniejsze miasta świata - Statystyki

Ogólne statystyki
  • Ten quiz został rozwiązany 46 razy
  • Średni wynik to 4 z 10
Statystyki odpowiedzi
Hint Odpowiedź % Poprawnych
Wenezuela Caracas
91%
RPA Pretoria
71%
Brazylia Rio De Janeiro
69%
RPA Johannesburg
64%
Papua Nowa Gwinea Port Moresby
53%
Brazylia Salvador
24%
RPA Durban
20%
Brazylia Recife
18%
Brazylia Fortaleza
9%
Honduras San Pedro Sula
7%
Nie znaleziono quizów pasujących do podanych kryteriów
Rozkład punktacji
Procent ludzi z każdym wynikiem
Percentyl według liczby udzielonych odpowiedzi
Twoja historia wyników
Nie rozwiązałeś tego quizu